000 00325nam a22001457a 4500
008 221108b ||||| |||| 00| 0 eng d
020 _a9781573564526
041 _aeng
080 _2SECOND EDITION
_a91
082 _a91 GOL
100 _a19.2
101 _aGJEO
245 _aEARTH ALMANAC
_cGOLDSTEIN N
942 _2udc
_cBK
999 _c58777
_d58777